[Event "World Rapid 2022"]
[Site "Almaty KAZ"]
[Date "2022.12.28"]
[Round "13.75"]
[White "Khusnutdinov, Rustam"]
[Black "Everett, Elijah"]
[Result "1-0"]
[WhiteTitle "GM"]
[WhiteElo "2441"]
[BlackElo "2202"]
[WhiteFideId "13701703"]
[BlackFideId "12973696"]
[EventDate "2022.12.26"]

1. e4 c5 2. Nf3 d6 3. Bb5+ Nd7 4. Ba4 Nf6 5. O-O e6 6. c4 Be7 7. Nc3 O-O 8. d4
cxd4 9. Qxd4 e5 10. Qe3 Nc5 11. Bc2 Bg4 12. b3 Qc7 13. Ba3 Rac8 14. Rfd1 a6 15.
Bb2 h6 16. Rd2 Qc6 17. h3 Bh5 18. Nh4 Rfd8 19. Nf5 Bf8 20. a4 Bg6 21. g4 Qc7 22.
a5 Ne6 23. Ne2 Qc6 24. Rad1 Qc7 25. Bc3 Rd7 26. Kg2 Rcd8 27. f3 Qc6 28. Qb6 Qxb6
29. axb6 Kh7 30. Bb4 Ne8 31. Ne3 Be7 32. Nf5 Bf8 33. Kg3 f6 34. Ne3 Bf7 35. Nd5
Rc8 36. Kf2 Nd8 37. f4 exf4 38. e5+ Kg8 39. exf6 Nxf6 40. Nxf6+ gxf6 41. Bxd6
Rxd6 42. Rxd6 Bxd6 43. Rxd6 Nc6 44. Rd7 Rd8 45. Rxb7 Rd2 46. Be4 Nd4 47. Bf3
Nxe2 48. Bxe2 Rb2 49. Kf3 Rxb3+ 50. Kxf4 Rb4 51. Ke3 a5 52. c5 Bd5 53. Ra7 a4
54. Bd1 Rc4 55. Bxa4 Rxc5 1-0

[Event "World Rapid 2022"]
[Site "Almaty KAZ"]
[Date "2022.12.28"]
[Round "13.76"]
[White "Khusenkhojaev, Mustafokhuja"]
[Black "Munkhgal, Gombosuren"]
[Result "0-1"]
[BlackTitle "GM"]
[WhiteElo "2265"]
[BlackElo "2463"]
[WhiteFideId "14700727"]
[BlackFideId "4901266"]
[EventDate "2022.12.26"]

1. d4 d5 2. Nf3 Nf6 3. c4 e6 4. g3 dxc4 5. Bg2 Bd7 6. O-O Bc6 7. Nc3 b5 8. a3
Be7 9. Qc2 a5 10. Rd1 O-O 11. Ne5 Bxg2 12. Kxg2 Qc8 13. e4 Qb7 14. f3 Nfd7 15.
Ng4 Nc6 16. Bf4 h5 17. Nf2 Rad8 18. d5 Nce5 19. a4 b4 20. Nb5 c6 21. dxe6 cxb5
22. exd7 Nxd7 23. axb5 Qxb5 24. Bc7 Ra8 25. Rac1 c3 26. Rd5 Qc6 27. Bxa5 Nf6 28.
Re5 Bc5 29. Ra1 Bd4 30. Rg5 cxb2 31. Qxc6 bxa1=Q 32. e5 Bxe5 33. Bxb4 Rfc8 34.
Qb5 Rab8 35. Qa6 Qxa6 0-1

[Event "World Rapid 2022"]
[Site "Almaty KAZ"]
[Date "2022.12.28"]
[Round "13.77"]
[White "Postlmayer, Jakob"]
[Black "Kostenko, Petr"]
[Result "0-1"]
[WhiteTitle "FM"]
[BlackTitle "GM"]
[WhiteElo "2314"]
[BlackElo "2374"]
[WhiteFideId "1643622"]
[BlackFideId "13700669"]
[EventDate "2022.12.26"]

1. Nf3 c5 2. c4 Nc6 3. d4 cxd4 4. Nxd4 Nf6 5. Nc3 g6 6. e4 Bg7 7. Be3 Ng4 8.
Qxg4 Nxd4 9. Qd1 e5 10. Bd3 O-O 11. O-O d6 12. Nd5 Be6 13. Rc1 Rc8 14. Bxd4 exd4
15. b4 Re8 16. Qb3 h5 17. f4 Bxd5 18. exd5 Re3 19. c5 h4 20. c6 Rc7 21. b5 b6
22. Qc2 Qf6 23. a4 Bh6 24. f5 g5 25. a5 bxa5 26. Ra1 Qe5 27. f6 g4 28. Rf5 Re1+
29. Rxe1 Qxe1+ 30. Rf1 Qe5 31. Qe2 Qxe2 32. Bxe2 Be3+ 33. Kh1 g3 34. Ra1 Bd2 35.
Rd1 Bc3 36. hxg3 hxg3 37. Rd3 a4 38. Rxg3+ Kh7 39. Bd3+ Kh6 40. Kg1 a3 41. Bb1
Rc8 42. Rf3 Rb8 43. b6 axb6 44. Kf2 b5 45. Ba2 b4 46. Bb3 Ra8 47. Ba2 b3 48.
Bxb3 a2 49. Bxa2 Rxa2+ 50. Kg3 Ra5 51. Rf5 Kg6 52. Kf4 d3 53. Rg5+ Kxf6 54. Rf5+
Ke7 55. Ke4 d2 0-1

[Event "World Rapid 2022"]
[Site "Almaty KAZ"]
[Date "2022.12.28"]
[Round "13.78"]
[White "Haldorsen, Benjamin"]
[Black "Shishkov, Andrei"]
[Result "1-0"]
[WhiteTitle "IM"]
[BlackTitle "IM"]
[WhiteElo "2449"]
[BlackElo "2340"]
[WhiteFideId "1512633"]
[BlackFideId "4500563"]
[EventDate "2022.12.26"]

1. e4 d5 2. exd5 Nf6 3. Nf3 Nxd5 4. d4 Bg4 5. Be2 e6 6. O-O Nc6 7. h3 Bh5 8. c4
Nb6 9. c5 Nd5 10. Nc3 Be7 11. Qb3 Rb8 12. Be3 O-O 13. Rad1 Nxc3 14. bxc3 Qc8 15.
c4 b6 16. Qa4 Na5 17. c6 Qa6 18. g4 Bg6 19. Ne5 Be4 20. f3 f6 21. fxe4 fxe5 22.
Qb5 Qxb5 23. cxb5 exd4 24. Bxd4 Rbd8 25. Rxf8+ Kxf8 26. Be5 Rxd1+ 27. Bxd1 Nc4
28. Bxc7 Bd6 29. Bd8 Ke8 30. Bh4 Bc5+ 31. Kh1 Nd6 32. a4 Nxe4 33. Bc2 Nc3 34.
Bxh7 Nd5 35. Bg6+ Kf8 36. Be4 Ne7 37. c7 1-0

[Event "World Rapid 2022"]
[Site "Almaty KAZ"]
[Date "2022.12.28"]
[Round "13.79"]
[White "Abdilkhair, Abilmansur"]
[Black "Khripachenko, Alexander"]
[Result "1-0"]
[WhiteTitle "FM"]
[BlackTitle "FM"]
[WhiteElo "2278"]
[BlackElo "2219"]
[WhiteFideId "13716417"]
[BlackFideId "54184975"]
[EventDate "2022.12.26"]

1. e4 e5 2. Nf3 Nf6 3. Nxe5 d6 4. Nf3 Nxe4 5. Nc3 Nf6 6. d4 g6 7. Bf4 Bg7 8. Qd2
h6 9. O-O-O Nc6 10. Bd3 Bd7 11. Rhe1+ Kf8 12. h3 a6 13. Ne4 Nd5 14. Bc4 Be6 15.
Bb3 b5 16. Nc3 Ncb4 17. Bg3 Qd7 18. a3 Nxc3 19. Bxe6 fxe6 20. bxc3 Nd5 21. Nh4
Kf7 22. Qd3 g5 23. Ng6 Rhe8 24. f4 Qc6 25. fxg5 Qxc3 26. Rf1+ Kg8 27. Qxc3 Nxc3
28. Rd3 Nd5 29. h4 a5 30. Be1 Kh7 31. h5 hxg5 32. Bd2 Nf6 33. Bxg5 Nxh5 34. Ne7
Rxe7 35. Bxe7 Re8 36. Bh4 Kg6 37. Be1 a4 38. Ba5 Re7 39. Bd2 Re8 40. Rh3 Re7 41.
Rh4 Nf6 42. Rf3 e5 43. Rg3+ Kf5 44. dxe5 dxe5 45. Rg5+ Ke6 46. Rg6 Kf5 47. Rg3
c5 48. Rh1 Ne4 49. Re3 Nd6 50. Rf3+ Ke6 51. Rg3 Bf6 52. Rf1 Ne4 53. Rg4 Nxd2 54.
Kxd2 Rd7+ 55. Ke2 Kf7 56. Rb1 c4 57. Rxb5 c3 58. Rxa4 Rd2+ 59. Kf3 Rxc2 60. Rb7+
Kg6 61. Rb6 Rc1 62. Raa6 Rf1+ 63. Ke2 Rf4 64. g3 Rf5 65. Rc6 e4 66. Rxc3 Kg5 67.
Rc4 Re5 68. Rcc6 Bd8 69. Re6 1-0

[Event "World Rapid 2022"]
[Site "Almaty KAZ"]
[Date "2022.12.28"]
[Round "13.80"]
[White "Mamatov, Melis"]
[Black "Mamedov, Edgar"]
[Result "1-0"]
[WhiteTitle "FM"]
[BlackTitle "FM"]
[WhiteElo "2399"]
[BlackElo "2283"]
[WhiteFideId "13800027"]
[BlackFideId "13739980"]
[EventDate "2022.12.26"]

1. e4 c6 2. d4 d5 3. e5 c5 4. dxc5 e6 5. Nf3 Nc6 6. Bd3 Bxc5 7. O-O f6 8. Qe2
fxe5 9. Nxe5 Nxe5 10. Qxe5 Nf6 11. Bb5+ Kf7 12. Nd2 Rf8 13. Nf3 Kg8 14. Bd3 Bd6
15. Qe2 Qe8 16. Ne5 Qh5 17. Qxh5 Nxh5 18. Re1 Nf4 19. Bxf4 Rxf4 20. g3 Rb4 21.
b3 Rb6 22. c4 Bb4 23. Re2 Rd6 24. a3 Bc3 25. Rc1 d4 26. c5 Rd8 27. b4 a5 28. b5
Rd5 29. c6 bxc6 30. Nxc6 Kf8 31. a4 Bd7 32. Ne5 Be8 33. f4 Rc5 34. h4 Rac8 35.
Kg2 g6 36. Kf3 Ke7 37. g4 Kd6 38. g5 R5c7 39. Ke4 Kc5 40. Rb2 Kb6 41. Rbc2 Rc5
42. Rh2 R8c7 43. Rhc2 Rc8 44. Be2 R5c7 45. Kd3 h6 46. Bg4 hxg5 47. hxg5 Rh7 48.
Bxe6 Rd8 49. Rf1 Kc5 50. Rb1 Rh4 51. Ke4 Rd6 52. Nd3+ Kb6 53. Ke5 Rxe6+ 54. Kxe6
Rh3 55. Rd1 Re3+ 56. Ne5 Re4 57. Rf2 Bxb5 58. Rb1 Bb4 59. axb5 d3 60. Kd5 Re1
61. Rxe1 Bxe1 62. Nxd3 Bxf2 63. Nxf2 Kxb5 64. f5 a4 65. fxg6 a3 66. g7 1-0

[Event "World Rapid 2022"]
[Site "Almaty KAZ"]
[Date "2022.12.28"]
[Round "13.81"]
[White "Begmuratov, Khumoyun"]
[Black "Elier, Ali"]
[Result "0-1"]
[WhiteTitle "FM"]
[WhiteElo "2399"]
[BlackElo "2165"]
[WhiteFideId "14210207"]
[BlackFideId "16217543"]
[EventDate "2022.12.26"]

1. e4 e5 2. Nf3 Nc6 3. Nc3 Nf6 4. d4 exd4 5. Nxd4 Nxe4 6. Nxe4 Qe7 7. f3 d5 8.
Bb5 Bd7 9. Bxc6 bxc6 10. O-O dxe4 11. fxe4 g6 12. Re1 Bg7 13. Nf5 gxf5 14. exf5
Bd4+ 15. Kh1 Be5 16. f6 Qxf6 17. Qe2 O-O-O 18. Qxe5 Rhe8 19. Qg3 Rxe1+ 20. Qxe1
Re8 21. Qg1 Bh3 22. Bg5 Qxg5 23. gxh3 Qd5+ 24. Qg2 Re2 25. Qxd5 cxd5 26. Rd1 c6
27. Rf1 Rxc2 28. Rxf7 d4 29. Rf1 Rxb2 30. Rd1 c5 31. Rc1 Kd7 32. Rxc5 Kd6 33.
Rc1 Rxa2 34. Kg1 Kd5 35. Kf1 a5 36. Rc7 a4 37. Rxh7 Ke4 38. h4 a3 39. h5 Rxh2
40. Ra7 a2 41. Kg1 Rb2 42. h6 Rb1+ 43. Kg2 a1=Q 44. Rxa1 Rxa1 45. h7 Ra8 0-1

[Event "World Rapid 2022"]
[Site "Almaty KAZ"]
[Date "2022.12.28"]
[Round "13.82"]
[White "Vetokhin, Savva"]
[Black "Suleimen, Ergali"]
[Result "1-0"]
[WhiteTitle "IM"]
[WhiteElo "2354"]
[BlackElo "2073"]
[WhiteFideId "44144474"]
[BlackFideId "13724452"]
[EventDate "2022.12.26"]

1. d4 Nf6 2. c4 g6 3. g3 Bg7 4. Bg2 d5 5. cxd5 Nxd5 6. Nf3 O-O 7. O-O Nb6 8. Nc3
Nc6 9. e3 e5 10. d5 e4 11. dxc6 Qxd1 12. Rxd1 exf3 13. Bxf3 bxc6 14. Ne2 Rb8 15.
Nd4 Bd7 16. Rb1 c5 17. Nc6 Bxc6 18. Bxc6 Rfd8 19. Rxd8+ Rxd8 20. Bf3 c4 21. Be2
Na4 22. Bxc4 Rd1+ 23. Kg2 Nxb2 24. Rxb2 Rxc1 25. Rb8+ Bf8 26. Bd5 Kg7 27. Rd8
Be7 28. Rd7 Kf8 29. Bb3 a5 30. Rd4 Bd6 31. h4 h5 32. e4 Ke7 33. Rd5 Rc5 34. Rd2
Re5 35. Bd5 Kf8 36. f4 Re8 37. Rc2 Rd8 38. Rc6 a4 39. Bc4 f6 40. Kf3 Kg7 41. Ra6
a3 42. Ra5 Re8 43. Bb3 Rb8 44. e5 fxe5 45. fxe5 Rf8+ 46. Ke4 Re8 47. Rd5 Bb4 48.
Kd4 Re7 49. Ke4 Bd6 50. Ba4 Bb4 51. Bb3 Bd6 52. Bd1 Bb4 53. g4 c6 54. Rd3 hxg4
55. Bxg4 Be1 56. Bd7 c5 57. e6 Bb4 58. Kd5 Kf6 59. Rf3+ Kg7 60. Rf4 Bc3 61. Kxc5
Be5 62. Rg4 Kf6 63. Rg2 Rh7 64. Rf2+ Ke7 65. Rf3 Bb2 66. Kc6 Bc1 67. Rf2 Bb2 68.
Rf4 Bf6 69. Ra4 Bb2 70. Ra8 Rh8 71. Ra4 Rh5 72. Rg4 Rh6 73. Rf4 Rh7 74. Ra4 Rh5
75. Ra7 Rxh4 76. Bc8+ Ke8 77. Rf7 Rc4+ 78. Kb7 Rb4+ 79. Ka6 Re4 80. Bd7+ Kd8 81.
Kb6 Rc4 82. Bc6 Bd4+ 83. Kb7 Rb4+ 84. Ka8 Bc5 85. Rd7+ Kc8 86. Bb7+ Rxb7 87.
Rxb7 1-0

[Event "World Rapid 2022"]
[Site "Almaty KAZ"]
[Date "2022.12.28"]
[Round "13.83"]
[White "Kazakov, Konstantin"]
[Black "Akhilbay, Imangali"]
[Result "1-0"]
[WhiteTitle "IM"]
[WhiteElo "2385"]
[BlackElo "2140"]
[WhiteFideId "13700898"]
[BlackFideId "13734857"]
[EventDate "2022.12.26"]

1. d4 d5 2. Nf3 e6 3. Bf4 Nf6 4. Nbd2 Bd6 5. e3 O-O 6. c3 b6 7. Ne5 Bb7 8. Bd3
c5 9. O-O Qc7 10. Qf3 Nbd7 11. Qg3 c4 12. Nxd7 Qxd7 13. Bxd6 cxd3 14. Bxf8 Rxf8
15. f3 Rc8 16. Qe1 Qb5 17. Rb1 Qa4 18. a3 Qc2 19. Qd1 Ba6 20. Rf2 Bb5 21. Qxc2
dxc2 22. Rc1 Bd3 23. Nb3 1-0

[Event "World Rapid 2022"]
[Site "Almaty KAZ"]
[Date "2022.12.28"]
[Round "13.84"]
[White "Uruci, Endrit"]
[Black "Korelskiy, Egor"]
[Result "1-0"]
[WhiteTitle "FM"]
[BlackTitle "FM"]
[WhiteElo "2297"]
[BlackElo "2153"]
[WhiteFideId "22100199"]
[BlackFideId "34329064"]
[EventDate "2022.12.26"]

1. e4 c5 2. Nf3 e6 3. d4 cxd4 4. Nxd4 a6 5. Nc3 Qc7 6. Bd3 b5 7. O-O Bb7 8. Qe2
d6 9. Kh1 Nf6 10. f4 Nbd7 11. Bd2 Be7 12. Rae1 O-O 13. e5 Nd5 14. exd6 Qxd6 15.
Ne4 Qc7 16. f5 e5 17. f6 N7xf6 18. Nf5 Bd8 19. Nxf6+ Bxf6 20. Nh6+ Kh8 21. Ng4
Rg8 22. Qe4 g6 23. Nxf6 Nxf6 24. Qxe5 Qxe5 25. Rxe5 Nh5 26. Rxh5 gxh5 27. Bg5 f6
28. Bxf6+ Rg7 29. Kg1 Kg8 30. Bxg7 Kxg7 31. Rf5 Re8 32. Kf2 h4 33. Rc5 Rf8+ 34.
Kg1 Rf7 35. Rh5 h6 36. Rxh4 Re7 37. Kf2 Rf7+ 38. Ke1 Re7+ 39. Kd2 Rf7 40. Rg4+
Kh8 41. Be4 Bc8 42. Rg6 Rd7+ 43. Ke3 Re7 44. Rxh6+ Kg8 45. Kd4 Rd7+ 46. Bd5+ Kg7
47. Rb6 Re7 48. Rb8 Bf5 49. Rb7 Rxb7 50. Bxb7 a5 51. c3 Be6 52. Bd5 Bd7 53. b4
a4 54. a3 Kf6 55. c4 1-0

[Event "World Rapid 2022"]
[Site "Almaty KAZ"]
[Date "2022.12.28"]
[Round "13.85"]
[White "Tulendinov, Dinmukhammed"]
[Black "Degenbaev, Aziz"]
[Result "0-1"]
[WhiteTitle "CM"]
[WhiteElo "1948"]
[BlackElo "2139"]
[WhiteFideId "13730860"]
[BlackFideId "13802640"]
[EventDate "2022.12.26"]

1. e4 e6 2. d4 d5 3. Nc3 Nf6 4. e5 Nfd7 5. f4 c5 6. Nf3 Nc6 7. Be3 Be7 8. Qd2
O-O 9. Be2 a6 10. O-O-O b5 11. dxc5 Bxc5 12. Nd4 Bb7 13. Bf3 Rc8 14. Nce2 Na5
15. Kb1 Nc4 16. Qc1 b4 17. g4 a5 18. g5 Ba6 19. h4 Qb6 20. Bf2 a4 21. h5 b3 22.
axb3 axb3 23. c3 Rb8 24. g6 Qa5 25. gxh7+ Kh8 26. Nxb3 Rxb3 27. Bxc5 Nxc5 28. h6
g6 29. Nd4 Rxb2+ 30. Qxb2 Nxb2 0-1